[Event "Mediterranean op 3rd"]
[Site "Rijeka"]
[Date "2009.11.29"]
[Round "3"]
[White "Klobucar, Damir"]
[Black "Kozarcanin, Sead"]
[Result "1/2-1/2"]
[WhiteElo "1958"]
[BlackElo "2187"]
[PlyCount "137"]
[EventDate "2009.11.27"]
[EventType "swiss"]
[EventRounds "9"]
[EventCountry "CRO"]
[SourceTitle "CBM 133 Extra"]
[Source "ChessBase"]
[SourceDate "2010.01.05"]
[SourceVersion "1"]
[SourceVersionDate "2010.01.05"]
[SourceQuality "1"]

1. d4 d5 2. c4 c6 3. Nc3 Nf6 4. Nf3 a6 5. e3 Bf5 6. Bd3 Bxd3 7. Qxd3 e6 8. 0-0 Nbd7 9. b3 Be7 10. Bb2 b5 11. cxd5 cxd5 12. a3 Rc8 13. Rfc1 0-0 14. e4 dxe4 15. Nxe4 Nc5 16. Nxc5 Rxc5 17. Rxc5 Bxc5 18. Rc1 Bb6 19. a4 Qd5 20. Qc2 h6 21. b4 bxa4 22. Qxa4 Qb5 23. Qxb5 axb5 24. Rc6 Nd5 25. Ne5 Ra8 26. Nd7 Bd8 27. g3 Be7 28. Nb6 Nxb6 29. Rxb6 Ra2 30. Bc1 Ra1 31. Rc6 Bxb4 32. Kg2 Be7 33. Be3 b4 34. Rc8+ Kh7 35. Rc7 Bf6 36. Rxf7 b3 37. Rb7 Rb1 38. Rb5 b2 39. Kf3 e5 40. dxe5 Bxe5 41. Rxe5 Rd1 42. Rb5 b1Q 43. Rxb1 Rxb1 44. h3 Rb3 45. Kg2 Kg6 46. Bd4 Rd3 47. Bb6 Kf5 48. Ba7 g5 49. Bb6 Ke4 50. Bc5 h5 51. Bb6 Rb3 52. Ba7 Kd3 53. Be3 Rb5 54. Ba7 Re5 55. Bb8 Rf5 56. Ba7 Ke2 57. Be3 Rf3 58. Bb6 Rb3 59. Bd4 Rb5 60. Be3 Ra5 61. Bb6 Rd5 62. Ba7 h4 63. g4 Rd6 64. Bc5 Re6 65. Bd4 Re7 66. Bc5 Rf7 67. Bd4 Rd7 68. Bc5 Rd5 69. Bb6 1/2-1/2